| 000 | 00831nam a22002415a 4500 | ||
|---|---|---|---|
| 005 | 20160829113631.0 | ||
| 008 | 160829s2016 ii a frb 001 0 eng d | ||
| 020 | _a9789350567272 | ||
| 020 | _a935056727X | ||
| 040 |
_aEG-ScBUE _beng _cEG-ScBUE _dEG-ScBUE |
||
| 082 | 0 | 4 |
_222 _a332.10954 _bNEW |
| 245 | 0 | 0 |
_aNew innovation in banking sector / _cedited by Rabi Narayan Misra and B. P. N. Reddy. |
| 260 |
_aNew Delhi : _bDiscovery Publishing House Pvt. Ltd., _c2016. |
||
| 300 |
_a139 p. : _bill. ; _c24 cm. |
||
| 500 | _aIndex : p. 133-139. | ||
| 504 | _aIncludes bibliographical references. | ||
| 650 | 7 |
_2BUEsh _aBanks and banking _xInformation technology _zIndia. _940954 |
|
| 651 | _2BUEsh | ||
| 653 |
_bBUSECO _cAugust 2016 |
||
| 700 | 1 |
_aMisra, Rabi Narayan, _eeditor. |
|
| 700 | 1 |
_aReddy, B. P. N., _eeditor. |
|
| 942 | _2ddc | ||
| 999 |
_c22269 _d22241 |
||